| 000 | 00795nam a2200205 a 4500 | ||
|---|---|---|---|
| 003 | 0 | ||
| 005 | 20250211081131.0 | ||
| 008 | 120718s19uu xx 00 eng d | ||
| 050 |
_aPGS LB 1050.2 _b.C131 2012 |
||
| 100 | _aCaga, Mariah Hannah Beatrice. | ||
| 245 |
_aReading habits of grade 4 and 5 students of SISC / _cMariah Hannah Beatrice Caga. |
||
| 260 |
_aLas PiƱas City, Philippines : _bSouthville International School and Colleges, _c2012. |
||
| 300 |
_a26 pages : _billustrations ; _c28 cm. |
||
| 504 | _aIncludes bibliographical references. | ||
| 650 |
_aReading habits _vElementary students. |
||
| 650 |
_aBooks and reading _vChildren. |
||
| 650 |
_aReading comprehension _vElementary education. |
||
| 650 |
_aReading interests _vElementary school students. |
||
| 942 |
_2lcc _cPASS |
||
| 999 |
_c98721 _d98721 |
||